00574nam a2200193 4500003000400000005001700004008004100021040001800062050001600080100003300096245008300129264003500212300001800247336002200265337002400287338002400311650003000335650001500365OSt20260601193845.0260418b1975 ve |||| |||| 00| 0 spa d aICIbspacICI aHT391 bG45 1aGeorge, Pierre, d1909-2006, 1a La era de las tecnicas : bConstrucciones o destrucciones? /cTr. m. sagrera. b Monte Avila,c1975aCaracas : a199 páginas atexto2rdacontent asin medio2rdamedia avolumen2rdacarrier a Planificación regional a Urbanismo